000 00504nam a2200181Ia 4500
005 20250326142111.0
008 250326s9999 xx 000 0 und d
037 _aTextbook
040 _aFMSL
_beng
_cFMSL
041 _aeng
_2eng
084 _aD658(B)obT M6
_qFMSL
100 _aMerrill Paul F
_9745581
245 0 _aComputers in education
_cMerrill Paul F
260 _aPrentice
_bPrentice, Hall
_c1986
300 _a352p
942 _cTB
_hD658(B)obT M6
999 _c1293438
_d1293438